000 00565nam a2200169 4500
999 _c4665
_d4665
008 160919b xxu||||| |||| 00| 0 eng d
022 _a2094-8042
082 _aDPer 370.105 M72 Jan-Dec 2012 V. 60-61
100 _914882
_aLa Madrid, Maria D.
243 _aThe modern teacher
245 _aThe impact of story telling in a classroom/
_cMaria D. La Madrid.
260 _aPhilippines:
_bIn the Grade School, Inc.,
_c©2012.
300 _av61 n6, pages 207-209;
_c28 cm.
500 _aThe Modern Teacher.
650 0 _914883
_aStorytelling
942 _2ddc
_cPER